Регионална библиотека "Любен Каравелов" - Русе

Леваневски (Запис номер 157005)

MARC детайли
000 -Лидер
Контролно поле с фиксирана дължина nam a22 a 4500
003 - Код на организацията, давaща контролен номер
Контролно поле BLK
005 - Дата и час на последна редакция
Контролно поле 20230309124621.0
008 - Елементи от данни с фиксирана дължина
fixed length control field 180410b bul|||||r ||||||| ||bul||
010 ## - Наследен системен номер
LC control number KNG00163921000
020 ## - Международен стандартен номер на книга ISBN
Международен стандартен номер на книга ISBN 954-445-010-6
040 ## - Източник на каталожния запис
Идентификатор на билиотеката - собственик на записа BLK
041 ## - Код за език
Код за езика на текст/звукозапис или на отделно заглавие Български
Код за езика КДБФ Български
080 ## - УДК
Текстов определител УДК Политически партии и движения
УДК код - определител по УДК 329
УДК определител (497.2)(092)
УДК - код + определител 329(497.2)(092)
080 ## - УДК
Текстов определител УДК Българска литература
УДК код - определител по УДК 821.163.2
УДК определител -94
УДК - код + определител 821.163.2-94
080 ## - УДК
Текстов определител УДК България през Втората световна война (1939-1944)
УДК код - определител по УДК 94(497.2)"1939/1944"
УДК определител (092)
УДК - код + определител 94(497.2)"1939/1944"(092)
080 ## - УДК
Текстов определител УДК Леваневски. Антифашист, партизанин, деец на БКП
УДК код - определител по УДК 929 Фазлов, Запрян Георгиев
УДК - код + определител 929 Фазлов, Запрян Георгиев
100 1# - Редна дума - Автор
Автор Овадия, Давид Хаим
Авторска отговорност първи автор
R(LIN) 367502
139 ## - Редно поле
Редна дума Овадия, Давид Хаим
Авторски знак Фаз - Ф 16
245 10 - Сведения за заглавието
Заглавие Леваневски
Подзаглавни данни Докум. повест за Запрян Георгиев Фазлов
Редно поле (дума) Давид Хаим Овадия.
250 ## - Област на изданието
Сведения за изданието 3. доп. изд.
257 ## - Страна на издаване
Страна на създаване/издаване България
260 ## - Област на издателските данни
Място на издаване, разпространение и проч. София
Име на издателя, разпространителя и проч. Христо Ботев
Година на издаване 1992
300 ## - Физическа характеристика
Страници 248 с.
Размери/Мащаб 20 см
380 ## - Жанр
Жанр Обществени науки
500 ## - Общи забележки
Забележка 1. изд. 1978 на Партиздат - Леваневски псев. на Фазлов. - 8000 тир.
600 14 - Име на лице, използвано като предмет
За него / За нея Фазлов, Запрян Георгиев
9 (RLIN) 224192
650 #4 - Допълнително описание по предмет – тема
Основно описание – тема или топоним Фазлов, Запрян Георгиев
9 (RLIN) 224192
650 #4 - Допълнително описание по предмет – тема
Основно описание – тема или топоним БКП - дейци
9 (RLIN) 242529
650 #4 - Допълнително описание по предмет – тема
Основно описание – тема или топоним Партизанско движение - България - дейци
9 (RLIN) 247270
650 #4 - Допълнително описание по предмет – тема
Основно описание – тема или топоним Борба против фашизма - Пловдивски край
9 (RLIN) 333567
653 ## - Ключова дума – ненормативна
Ключова дума Запрян Фазлов
653 ## - Ключова дума – ненормативна
Ключова дума Леваневски
653 ## - Ключова дума – ненормативна
Ключова дума партизанско движение
852 ## - Местоположение
Форматна сигнатура Цб 170312
Фондова буква Хранилище
856 4# - Електронен адрес и достъп
Електронен формат pdf - файл
Инструкция (цена за достъп) 0.00
Права за достъп disable
856 4# - Електронен адрес и достъп
Електронен формат pdf - файл
Инструкция (цена за достъп) 0.00
Права за достъп disable
999 ## - СИСТЕМНИ КОНТРОЛНИ НОМЕРА
Koha biblionumber 157005
Koha biblioitemnumber 157005
942 ## - АРТИКУЛИ
Вид на библиотечния материал Книги
Скрит в OPAC Не
Koha issues (borrowed), all copies 1
Периодичен библиозапис Да
944 ## - СЪЗДАВАНЕ И РЕДАКЦИЯ на ЗАПИСА
Създаване/Редакция Създаване
Дата на регистрацията/редакция 08.08.2014
Статус, дата на статуса 08.08.2014 - от С1,Р / 08.08.2014
Служител, извършил регистрацията/редакцията Кина_Георгиева
944 ## - СЪЗДАВАНЕ И РЕДАКЦИЯ на ЗАПИСА
Създаване/Редакция Редакция
Дата на регистрацията/редакция 08.08.2014
Статус, дата на статуса 08.08.2014 - от С1,Р / 08.08.2014
999 ## - СИСТЕМНИ КОНТРОЛНИ НОМЕРА
Koha biblioitemnumber 157005
Наличности
Код за отписване Код за изгубен артикул Източник на класификационната схема Код за повреда Коз за рестрикции Код за отдаване Артикулен № Име на библиотеката - собственик Име на библиотеката, в която се намира в момента Статус (Текущо местоположение) Дата на вписване в системата Местоположение - отдел Цена в лева Инвентарен номер Систематично азбучна сигнатура Баркод Номер на екземпляра Цена в евро Служебна бележка Служебен тип на артикула
  Не е изгубен Universal Decimal Classification Не е повреден без рестрикции ползва се в читалня 262963 Регионална библиотека "Любен Каравелов" Русе Регионална библиотека "Любен Каравелов" Русе Хранилище 1992-01-01 Хранилище 16.95 571330 Цб 170312 120000571330 1 8.67 N: стар фонд Дата: 01.01.1992 Книги
Изтеглен Не е изгубен Universal Decimal Classification Не е повреден без рестрикции заемане за дома 262964 Регионална библиотека "Любен Каравелов" Русе Регионална библиотека "Любен Каравелов" Русе Заемна - подръчен фонд 1992-01-01 Заемна - подръчен фонд 1.19 599627 П 329(497.2)/Ф 16 599627 2 0.61 N: стар фонд Дата: 01.01.1992 Дата инв: 05.02.2018 Бележки инв: П2018 Книги
Изтеглен Не е изгубен Universal Decimal Classification Не е повреден без рестрикции заемане за дома 262965 Регионална библиотека "Любен Каравелов" Русе Регионална библиотека "Любен Каравелов" Русе Заемна - подръчен фонд 1992-01-01 Заемна - подръчен фонд 0.34 599626 П 329(497.2)/Ф 16 120000599626 3 0.17 N: стар фонд Дата: 01.01.1992 Дата инв: 05.02.2018 Бележки инв: П2018 Книги
Vip Innovations Ltd, Rousse, Bulgaria 2025